000
00303nam a22001217a 4500
040
_c
SY
082
_a
631
100
_a
វឹង សេដ្ឋា
245
_a
ការគ្រប់គ្រងនិងអភិរក្សដី
260
_a
RUA
_b
វឹង
_c
2011
300
_a
45p.
942
_c
KB
999
_c
9309
_d
9309